Guess the Harry Potter Movies by Scene #35 - Statistics

General Stats
  • This quiz has been taken 104 times
  • The average score is 16 of 20
Answer Stats
Picture Answer % Correct
Prisoner of Azkaban
95%
Order of the Phoenix
86%
Chamber of Secrets
81%
Deathly Hallows – Part 1
81%
Deathly Hallows – Part 2
81%
Deathly Hallows – Part 1
76%
Deathly Hallows – Part 1
76%
Deathly Hallows – Part 1
76%
Deathly Hallows – Part 2
76%
Deathly Hallows – Part 2
76%
Deathly Hallows – Part 2
76%
Goblet of Fire
76%
Half-Blood Prince
76%
Order of the Phoenix
76%
Order of the Phoenix
76%
Order of the Phoenix
76%
Philosopher's Stone
76%
Prisoner of Azkaban
76%
Prisoner of Azkaban
76%
Prisoner of Azkaban
71%
No matching quizzes found
Score Distribution
Percent of People with Each Score
Percentile by Number Answered
Your Score History
You have not taken this quiz